LEADER 00846nam0-22003131i-450- 001 990003035660403321 010 $a0-86003-178-0 035 $a000303566 035 $aFED01000303566 035 $a(Aleph)000303566FED01 035 $a000303566 100 $a20000920d1988----km-y0itay50------ba 101 0 $aita 102 $aIT 200 1 $aContemporary Economics$eA Teacher's Update$fedited by Adrian Darnell & Lynne Evans. 210 $aOxford$cPhilip Allan$d1988. 215 $aIX, 191 p.$d23 cm 676 $aC/1 676 $aD/8.20 702 1$aDarnell,$bAdrian C.$f<1953- > 702 1$aEvans,$bLynne J. 801 0$aIT$bUNINA$gRICA$2UNIMARC 901 $aBK 912 $a990003035660403321 952 $aC/1 CON/N.A.$b9352$fSES 959 $aSES 996 $aContemporary Economics$9463669 997 $aUNINA DB $aING01 LEADER 01086nam a2200265 i 4500 001 991000503039707536 008 040303s2002 it b 000 0 ita d 020 $a8809028791 035 $ab12626600-39ule_inst 040 $aDip.to Scienze pedagogiche$bita 082 0 $a362.828 100 1 $aGiommi, Roberta$0482175 245 13$aLa mediazione nei conflitti familiari :$bcome diventare un mediatore dilettante, ovvero affrontare e risolvere i conflitti all'interno della famiglia, nella separazione e nel divorzio /$cRoberta Giommi 260 $aFirenze :$bGiunti,$cc2002 300 $a138 p. :$bill. ;$c23 cm 440 0$aSaggi Giunti 504 $aContiene bibliografia 650 4$aMediazione familiare 650 4$aFamiglia$xAssistenza psicologica 907 $a.b12626600$b21-09-06$c03-03-04 912 $a991000503039707536 945 $aLE022 362 GIO01.01$g1$i2022000108119$lle022$op$pE9.00$q-$rl$s- $t0$u10$v3$w10$x0$y.i13124791$z08-03-04 996 $aMediazione nei conflitti familiari$9277317 997 $aUNISALENTO 998 $ale022$b03-03-04$cm$da $e-$fita$git $h3$i0